00648nam a2200157 a 450000100100000000500170001000800410002704000250006810000460009324500660013926000590020530000300026404900090029495201700030399900170047300003320420200930070109.0110822s1986 dr 000 0 spa d aDO-SdBNPbspacBNPHU1 aAna Concepción, Patria Quisqueya95884310aImágenes en el camino /cPatria Quisqueya Ana Concepción. aLa Vega, República Dominicana,cEditora Nivarc1986. a244 p. ; :bil. ;c22 cm. aBNPD 0010718PDaPDbPDcCTd2011-08-22iLF1l0o p33204-10r2020-06-25w2020-06-25yLFPDzPerteneció a la biblioteca personal de Germán Emilio Ornes.ZNo se presta c32695d32695